000 00620 a2200217 4500
001 64009
005 20260521160828.0
008 260521a1990 arg spa d
003 AR-UNSa-BCEJYS
040 _aAR-UNSa-BCEJYS
_bspa
_cAR-UNSa-BCEJYS
080 _a658.012
_xMétodos (Management...)
245 1 0 _aEl departamento de I+D
_pOrganización y control
020 _a978-84-267-0778-9
264 1 _aBarcelona :
_bMarcombo
_c1990
300 _a160 p.
_c24 cm.
505 _a1. Introducción - 2.
041 _aspa
942 _cBK
590 _aniveau_biblio:m niveau_hierar:0
100 1 _aFerré Masip, Rafael
999 _c36487
_d36487